| 000 | 00436nam a22001457a 4500 | ||
|---|---|---|---|
| 005 | 20171208115407.0 | ||
| 008 | 171208b xxu||||| |||| 00| 0 eng d | ||
| 020 | _a9698721150 | ||
| 040 | _cPK-LaUMT | ||
| 082 |
_aPKAC 320.95491 _bPRO- |
||
| 245 |
_aProblems and politics of federalism in Pakistan/ _cPervaiz Iqbal Cheema(Editor) |
||
| 260 |
_aIslamabad: _bIslamabad policy research institute, _c2006 |
||
| 300 | _a109 p. | ||
| 942 | _cBK | ||
| 999 |
_c100598 _d100598 |
||